[Event "Ceske Budejovice Open-A 2019"]
[Site "Ceske Budejovice"]
[Date "2019.07.04"]
[Round "6.2"]
[White "Mirzoev, Azer"]
[Black "Ivanov, Mikhail M"]
[Result "1-0"]
[WhiteElo "2474"]
[BlackElo "2359"]
[Annotator "ChessBase"]
[PlyCount "83"]
[EventDate "2019.07.02"]
[EventCountry "CZE"]
[SourceTitle "playchess.com"]
[Source "ChessBase"]
[SourceQuality "1"]
[TimeControl "5400+30"]

1. d4 {[%emt 0:00:00]} Nf6 {[%emt 0:04:11]} 2. Nf3 {[%emt 0:00:00]} d6 {[%emt 0:00:19]} 3. Nc3 {[%emt 0:00:18]} d5 {[%emt 0:05:25]} 4. Bf4 {[%emt 0:00:56]} a6 {[%emt 0:00:33]} 5. e3 {[%emt 0:00:33]} e6 {[%emt 0:01:12]} 6. a3 {[%emt 0:00:35]} c5 {[%emt 0:01:46]} 7. Bd3 {[%emt 0:01:27]} Nbd7 {[%emt 0:10:56]} 8. O-O {[%emt 0:01:08]} c4 {[%emt 0:03:27]} 9. Be2 {[%emt 0:00:08]} b5 {[%emt 0:00:04]} 10. Nd2 {[%emt 0:01:42]} Bb7 {[%emt 0:00:21]} 11. Bf3 {[%emt 0:00:05]} Be7 {[%emt 0:03:36]} 12. e4 {[%emt 0:00:25]} Nb6 {[%emt 0:00:21]} 13. Re1 {[%emt 0:02:30]} h6 {[%emt 0:11:58]} 14. h3 {[%emt 0:02:01]} Qd7 {[%emt 0:01:46]} 15. Qe2 {[%emt 0:04:03]} Rc8 {[%emt 0:07:54]} 16. Bg3 {[%emt 0:04:25]} dxe4 {[%emt 0:05:51]} 17. Ndxe4 {[%emt 0:00:12]} O-O {[%emt 0:02:29]} 18. Nxf6+ {[%emt 0:04:47]} Bxf6 {[%emt 0:00:39]} 19. Be5 {[%emt 0:00:32]} Nd5 {[%emt 0:09:43]} 20. Bxd5 {[%emt 0:07:31]} Bxd5 {[%emt 0:00:21]} 21. Bxf6 {[%emt 0:00:20]} gxf6 {[%emt 0:00:04]} 22. Qh5 {[%emt 0:06:19]} Kh7 {[%emt 0:02:40]} 23. Nxd5 {[%emt 0:00:44]} exd5 {[%emt 0:06:04]} 24. Re3 {[%emt 0:02:20]} Rfe8 {[%emt 0:03:09]} 25. Rae1 {[%emt 0:03:07]} Rxe3 {[%emt 0:01:14]} 26. Rxe3 {[%emt 0:02:25]} Re8 {[%emt 0:01:41]} 27. Rxe8 {[%emt 0:16:13]} Qxe8 {[%emt 0:01:13]} 28. Qxd5 {[%emt 0:00:04]} Qe1+ {[%emt 0:00:05]} 29. Kh2 {[%emt 0:00:05]} Qxf2 {[%emt 0:00:18]} 30. Qxf7+ {[%emt 0:00:04]} Kh8 {[%emt 0:00:06]} 31. Qe8+ {[%emt 0:00:09]} Kg7 {[%emt 0:07:17]} 32. Qe4 {[%emt 0:00:25]} h5 {[%emt 0:04:15]} 33. d5 {[%emt 0:07:31]} h4 {[%emt 0:00:09]} 34. Qg4+ {[%emt 0:02:05]} Kf7 {[%emt 0:05:00]} 35. d6 {[%emt 0:00:21]} f5 {[%emt 0:00:45]} 36. Qg5 {[%emt 0:01:12]} Ke6 {[%emt 0:00:12]} 37. Qe7+ {[%emt 0:00:19]} Kd5 {[%emt 0:00:11]} 38. d7 {[%emt 0:02:20]} Qf4+ {[%emt 0:00:11]} 39. Kg1 {[%emt 0:00:06]} Qc1+ {[%emt 0:00:23]} 40. Kf2 {[%emt 0:00:47]} Qd2+ {[%emt 0:01:25]} 41. Qe2 {[%emt 0:02:44]} Qd4+ {[%emt 0:00:00]} 42. Qe3 {[%emt 0:00:00]} 1-0

[Event "Ceske Budejovice Open-A 2019"]
[Site "Ceske Budejovice"]
[Date "2019.07.04"]
[Round "6.4"]
[White "Sergeev, Vladimir"]
[Black "Richterova, Natasa"]
[Result "1/2-1/2"]
[WhiteElo "2415"]
[BlackElo "2179"]
[Annotator "NA"]
[PlyCount "91"]
[EventDate "2019.07.02"]
[EventCountry "CZE"]
[SourceTitle "playchess.com"]
[Source "ChessBase"]
[SourceQuality "1"]
[TimeControl "5400+30"]

1. c4 {[%emt 0:01:48]} c6 {[%emt 0:01:12]} 2. d4 {[%emt 0:01:28]} d5 {[%emt 0:00:05]} 3. cxd5 {[%emt 0:00:14]} cxd5 {[%emt 0:00:06]} 4. Nc3 {[%emt 0:00:03]} Nf6 {[%emt 0:00:14]} 5. Bf4 {[%emt 0:00:02]} Nc6 {[%emt 0:01:08]} 6. e3 {[%emt 0:00:09]} a6 {[%emt 0:00:08]} 7. Bd3 {[%emt 0:00:07]} Bg4 {[%emt 0:03:13]} 8. Nge2 e6 {[%emt 0:04:37]} 9. O-O {[%emt 0:00:09]} Bd6 {[%emt 0:00:25]} 10. f3 {[%emt 0:00:19]} Bh5 {[%emt 0:00:27]} 11. Bxd6 {[%emt 0:01:10]} Qxd6 {[%emt 0:00:06]} 12. Rc1 {[%emt 0:01:40]} O-O {[%emt 0:01:50]} 13. Nf4 {[%emt 0:00:24]} Bg6 {[%emt 0:02:25]} 14. Bxg6 {[%emt 0:00:12]} hxg6 {[%emt 0:00:15]} 15. Nd3 {[%emt 0:00:11]} e5 {[%emt 0:08:30]} 16. dxe5 {[%emt 0:01:08]} Nxe5 {[%emt 0:00:11]} 17. Nxe5 {[%emt 0:00:11]} Qxe5 {[%emt 0:00:05]} 18. Qd2 {[%emt 0:06:32]} Rfe8 {[%emt 0:00:50]} 19. Rfe1 {[%emt 0:00:03]} Rad8 {[%emt 0:02:52]} 20. Rcd1 {[%emt 0:00:09]} Rd7 {[%emt 0:16:02]} 21. Qd4 {[%emt 0:00:09]} Qe7 {[%emt 0:13:48]} 22. Rd3 {[%emt 0:04:15]} Rc8 {[%emt 0:06:43]} 23. Red1 {[%emt 0:02:00]} Rcd8 {[%emt 0:00:28]} 24. h3 {[%emt 0:08:37]} Qe6 {[%emt 0:06:39]} 25. h4 {[%emt 0:08:41]} Qe7 {[%emt 0:01:46]} 26. Qf4 {[%emt 0:00:33]} b5 {[%emt 0:05:49]} 27. a3 {[%emt 0:02:14]} Qc5 {[%emt 0:01:16]} 28. Qb4 {[%emt 0:07:14]} Qxb4 {[%emt 0:05:42]} 29. axb4 {[%emt 0:00:10]} Kf8 {[%emt 0:00:03]} 30. g4 {[%emt 0:00:24]} Rc8 {[%emt 0:03:53]} 31. g5 {[%emt 0:00:16]} Ne8 {[%emt 0:01:18]} 32. Rxd5 {[%emt 0:06:22]} Rxd5 {[%emt 0:01:08]} 33. Rxd5 {[%emt 0:00:04]} Rc4 {[%emt 0:00:25]} 34. Rd4 {[%emt 0:00:09]} Rxd4 {[%emt 0:01:12]} 35. exd4 {[%emt 0:00:02]} Nd6 {[%emt 0:00:19]} 36. Kf2 {[%emt 0:23:00]} Nf5 {[%emt 0:01:27]} 37. Nd5 {[%emt 0:01:58]} Nxd4 {[%emt 0:01:18]} 38. Ke3 {[%emt 0:00:37]} Nf5+ {[%emt 0:09:52]} 39. Ke4 {[%emt 0:01:20]} Nxh4 {[%emt 0:00:33]} 40. f4 {[%emt 0:00:17]} Ng2 {[%emt 0:00:56]} 41. Nc7 {[%emt 0:00:18]} Ke7 {[%emt 0:00:08]} 42. Nxa6 {[%emt 0:00:02]} Kd6 {[%emt 0:00:15]} 43. Nc5 {[%emt 0:00:09]} Ne1 {[%emt 0:00:00]} 44. Nb7+ {[%emt 0:00:00]} Kc7 {[%emt 0:00:00]} 45. Nc5 {[%emt 0:00:00]} Kd6 {[%emt 0:00:00]} 46. Nb7+ {[%emt 0:00:00] Ke5+} 1/2-1/2

[Event "Ceske Budejovice Open-A 2019"]
[Site "Ceske Budejovice"]
[Date "2019.07.04"]
[Round "6.5"]
[White "Plischki, Sebastian"]
[Black "Karasek, Lukas"]
[Result "1/2-1/2"]
[WhiteElo "2420"]
[BlackElo "2278"]
[Annotator "NA"]
[PlyCount "81"]
[EventDate "2019.07.02"]
[EventCountry "CZE"]
[SourceTitle "playchess.com"]
[Source "ChessBase"]
[SourceQuality "1"]
[TimeControl "5400+30"]

1. c4 {[%emt 0:00:00]} Nf6 {[%emt 0:00:52]} 2. g3 {[%emt 0:00:05]} e5 {[%emt 0:00:51]} 3. Bg2 {[%emt 0:00:10]} d5 {[%emt 0:00:34]} 4. cxd5 {[%emt 0:00:07]} Nxd5 {[%emt 0:00:03]} 5. Nc3 {[%emt 0:00:16]} Ne7 {[%emt 0:00:49]} 6. Nf3 {[%emt 0:00:41]} Nbc6 {[%emt 0:00:04]} 7. b4 {[%emt 0:01:07]} a6 {[%emt 0:00:12]} 8. a4 {[%emt 0:01:21]} g6 {[%emt 0:03:06]} 9. Ba3 {[%emt 0:01:00]} Bg7 {[%emt 0:00:12]} 10. O-O {[%emt 0:01:50]} O-O {[%emt 0:02:01]} 11. d3 {[%emt 0:00:43]} Re8 {[%emt 0:13:05]} 12. b5 {[%emt 0:03:32]} Nd4 {[%emt 0:01:53]} 13. Nd2 {[%emt 0:10:22]} Ra7 {[%emt 0:17:00]} 14. e3 {[%emt 0:01:55]} Ndf5 {[%emt 0:14:09]} 15. Qc2 {[%emt 0:03:25]} Nd6 {[%emt 0:05:44]} 16. Rfc1 {[%emt 0:06:07]} b6 {[%emt 0:04:03]} 17. a5 {[%emt 0:12:00]} axb5 {[%emt 0:10:36]} 18. Bxd6 {[%emt 0:12:02]} cxd6 {[%emt 0:00:05]} 19. Nxb5 {[%emt 0:04:00]} Rxa5 {[%emt 0:00:28]} 20. Rxa5 {[%emt 0:06:45]} bxa5 {[%emt 0:00:01]} 21. Nc4 {[%emt 0:00:12]} d5 {[%emt 0:01:59]} 22. Ncd6 {[%emt 0:00:21]} Rf8 {[%emt 0:00:13]} 23. Bxd5 {[%emt 0:10:42]} Nxd5 {[%emt 0:03:30]} 24. Qxc8 {[%emt 0:00:46]} Qxc8 {[%emt 0:00:42]} 25. Nxc8 {[%emt 0:00:39]} Rd8 {[%emt 0:00:47]} 26. Ncd6 {[%emt 0:05:29]} Nb4 {[%emt 0:10:46]} 27. Rc7 {[%emt 0:01:12]} f5 {[%emt 0:02:45]} 28. Ra7 {[%emt 0:05:39]} Nxd3 {[%emt 0:01:18]} 29. Rxa5 Bf8 {[%emt 0:00:27]} 30. Nc4 {[%emt 0:02:55]} Rc8 {[%emt 0:01:47]} 31. Ra4 {[%emt 0:01:52]} Rb8 {[%emt 0:00:30]} 32. Nc3 {[%emt 0:02:20]} Rb4 {[%emt 0:01:23]} 33. Rxb4 {[%emt 0:00:54]} Bxb4 {[%emt 0:00:03]} 34. Nd5 {[%emt 0:00:31]} Bc5 {[%emt 0:00:13]} 35. f3 {[%emt 0:01:58]} Kf7 {[%emt 0:00:37]} 36. Kf1 {[%emt 0:00:29]} Ke6 {[%emt 0:00:14]} 37. Nc7+ {[%emt 0:00:44]} Kf6 {[%emt 0:03:29]} 38. Ke2 {[%emt 0:01:08]} Nb4 {[%emt 0:00:42]} 39. e4 {[%emt 0:01:13]} fxe4 {[%emt 0:01:22]} 40. fxe4 {[%emt 0:00:07]} Nc6 {[%emt 0:00:16]} 41. Nd5+ {[%emt 0:00:39]} 1/2-1/2

[Event "Ceske Budejovice Open-A 2019"]
[Site "Ceske Budejovice"]
[Date "2019.07.04"]
[Round "6.6"]
[White "Lys, Josef"]
[Black "Marsalek, Zdenek"]
[Result "1/2-1/2"]
[WhiteElo "2149"]
[BlackElo "2259"]
[Annotator "NA"]
[PlyCount "114"]
[EventDate "2019.07.02"]
[EventCountry "CZE"]
[SourceTitle "playchess.com"]
[Source "ChessBase"]
[SourceQuality "1"]
[TimeControl "5400+30"]

1. d4 {[%emt 0:00:00]} d5 {[%emt 0:00:00]} 2. c4 {[%emt 0:00:00]} c6 {[%emt 0:00:00]} 3. e3 {[%emt 0:00:46]} Nf6 {[%emt 0:00:27]} 4. Nf3 {[%emt 0:00:19]} e6 {[%emt 0:00:16]} 5. Bd3 {[%emt 0:00:37]} Nbd7 {[%emt 0:00:30]} 6. Qc2 {[%emt 0:01:05]} Bd6 {[%emt 0:01:10]} 7. Nc3 {[%emt 0:00:48]} O-O {[%emt 0:01:46]} 8. b3 {[%emt 0:00:22]} e5 {[%emt 0:02:01]} 9. cxd5 {[%emt 0:00:18]} cxd5 {[%emt 0:00:16]} 10. dxe5 {[%emt 0:01:45]} Nxe5 {[%emt 0:00:16]} 11. Nxe5 {[%emt 0:01:12]} Bxe5 {[%emt 0:00:05]} 12. Bb2 {[%emt 0:01:20]} Re8 {[%emt 0:03:39]} 13. Ne2 {[%emt 0:13:53]} Qa5+ {[%emt 0:02:26]} 14. Bc3 {[%emt 0:00:21]} Bxc3+ {[%emt 0:17:13]} 15. Qxc3 {[%emt 0:00:15]} Qxc3+ {[%emt 0:04:17]} 16. Nxc3 {[%emt 0:00:11]} d4 {[%emt 0:02:16]} 17. Nb5 {[%emt 0:03:16]} dxe3 {[%emt 0:00:50]} 18. Nc7 {[%emt 0:01:13]} exf2+ {[%emt 0:00:07]} 19. Kxf2 {[%emt 0:00:27]} Ng4+ {[%emt 0:00:21]} 20. Kf1 {[%emt 0:15:29]} Re3 {[%emt 0:01:52]} 21. Nxa8 {[%emt 0:00:18]} Rxd3 {[%emt 0:00:08]} 22. h3 {[%emt 0:00:54]} Nf6 {[%emt 0:04:27]} 23. Ke2 {[%emt 0:08:45]} Rd8 {[%emt 0:01:56]} 24. Rhd1 {[%emt 0:09:22]} Bd7 {[%emt 0:02:29]} 25. Nc7 {[%emt 0:00:37]} Rc8 {[%emt 0:01:05]} 26. Nd5 {[%emt 0:02:00]} Rc2+ {[%emt 0:03:56]} 27. Kf1 {[%emt 0:07:17]} Bb5+ {[%emt 0:04:05]} 28. Kg1 {[%emt 0:00:20]} Kf8 {[%emt 0:05:01]} 29. Nb4 {[%emt 0:04:47]} Rc8 {[%emt 0:07:59]} 30. Rac1 {[%emt 0:01:12]} Rb8 {[%emt 0:00:23]} 31. a4 {[%emt 0:00:53]} Be8 {[%emt 0:00:49]} 32. a5 {[%emt 0:04:23]} Bd7 {[%emt 0:02:28]} 33. Nd3 {[%emt 0:08:19]} h6 {[%emt 0:02:22]} 34. Ne5 {[%emt 0:01:20]} Be6 {[%emt 0:01:18]} 35. b4 {[%emt 0:00:50]} a6 {[%emt 0:00:47]} 36. Rc7 {[%emt 0:01:15]} Ke8 {[%emt 0:00:44]} 37. Nc4 {[%emt 0:03:31]} Bd5 {[%emt 0:00:40]} 38. Nd6+ {[%emt 0:02:45]} Kf8 {[%emt 0:00:23]} 39. Re1 {[%emt 0:02:22]} Kg8 {[%emt 0:03:05]} 40. Ree7 {[%emt 0:01:33]} Kf8 {[%emt 0:01:58]} 41. g3 {[%emt 0:00:00]} b6 {[%emt 0:00:00]} 42. Nxf7 {[%emt 0:00:00]} Ne8 {[%emt 0:00:00]} 43. Ra7 {[%emt 0:00:00]} bxa5 {[%emt 0:00:00]} 44. bxa5 {[%emt 0:00:00]} Rb3 {[%emt 0:00:00]} 45. g4 {[%emt 0:00:00]} Rg3+ {[%emt 0:00:00]} 46. Kf2 {[%emt 0:00:00]} Rf3+ {[%emt 0:00:00]} 47. Ke2 {[%emt 0:00:00]} Rxf7 {[%emt 0:00:00]} 48. Rxf7+ {[%emt 0:00:00]} Bxf7 {[%emt 0:00:00]} 49. Kd3 {[%emt 0:00:00]} h5 {[%emt 0:00:00]} 50. Rxa6 {[%emt 0:00:00]} hxg4 {[%emt 0:00:00]} 51. hxg4 {[%emt 0:00:00]} Nf6 {[%emt 0:00:00]} 52. g5 {[%emt 0:00:00]} Nd7 {[%emt 0:00:00]} 53. Kd4 {[%emt 0:00:00]} Ke7 {[%emt 0:00:00]} 54. Rc6 {[%emt 0:01:30]} Bh5 {[%emt 0:00:00]} 55. Ke4 {[%emt 0:00:27]} Be2 {[%emt 0:00:00]} 56. Rg6 {[%emt 0:03:26]} Kf7 {[%emt 0:00:00]} 57. Rd6 {[%emt 0:00:21]} Ke7 {[%emt 0:00:00]} 1/2-1/2

[Event "Ceske Budejovice Open-A 2019"]
[Site "Ceske Budejovice"]
[Date "2019.07.04"]
[Round "6.7"]
[White "Muron, Miroslav"]
[Black "Nejdl, Eduard"]
[Result "0-1"]
[WhiteElo "2215"]
[BlackElo "1995"]
[Annotator "NA"]
[PlyCount "48"]
[EventDate "2019.07.02"]
[EventCountry "CZE"]
[SourceTitle "playchess.com"]
[Source "ChessBase"]
[SourceQuality "1"]
[TimeControl "5400+30"]

1. e4 {[%emt 0:00:46]} Nf6 {[%emt 0:00:00]} 2. Nc3 {[%emt 0:00:13]} e5 {[%emt 0:00:00]} 3. Nf3 {[%emt 0:00:28]} Nc6 {[%emt 0:00:00]} 4. d3 {[%emt 0:05:41]} d5 {[%emt 0:01:08]} 5. exd5 {[%emt 0:02:04]} Nxd5 {[%emt 0:00:35]} 6. Nxd5 {[%emt 0:00:12]} Qxd5 {[%emt 0:00:17]} 7. Be2 {[%emt 0:00:05]} Be7 {[%emt 0:01:14]} 8. O-O {[%emt 0:00:05]} O-O {[%emt 0:00:50]} 9. c3 {[%emt 0:03:25]} Bg4 {[%emt 0:05:19]} 10. d4 {[%emt 0:10:54]} exd4 {[%emt 0:07:29]} 11. Nxd4 {[%emt 0:00:49]} Bxe2 {[%emt 0:01:47]} 12. Nxe2 {[%emt 0:00:43]} Qc4 {[%emt 0:04:34]} 13. b3 {[%emt 0:06:55]} Qh4 {[%emt 0:06:41]} 14. g3 {[%emt 0:06:45]} Qe4 {[%emt 0:05:25]} 15. f3 {[%emt 0:02:03]} Bc5+ {[%emt 0:01:27]} 16. Kg2 {[%emt 0:00:03]} Qe7 {[%emt 0:04:18]} 17. Qc2 {[%emt 0:05:27]} Rfe8 {[%emt 0:03:22]} 18. Ng1 {[%emt 0:07:28]} Rad8 {[%emt 0:06:50]} 19. Bd2 {[%emt 0:00:52]} Bxg1 {[%emt 0:08:35]} 20. Kxg1 {[%emt 0:00:04]} Qc5+ {[%emt 0:00:11]} 21. Kh1 {[%emt 0:01:01]} Re2 {[%emt 0:00:13]} 22. Rae1 {[%emt 0:01:41]} Rdxd2 {[%emt 0:02:28]} 23. Rxe2 {[%emt 0:02:19]} Rxc2 {[%emt 0:00:07]} 24. Rxc2 {[%emt 0:00:03]} g6 {[%emt 0:02:05]} 0-1

[Event "Ceske Budejovice Open-A 2019"]
[Site "Ceske Budejovice"]
[Date "2019.07.04"]
[Round "6.8"]
[White "Sykora, Ondrej"]
[Black "Barrish, Daniel"]
[Result "1/2-1/2"]
[WhiteElo "2065"]
[BlackElo "2237"]
[Annotator "NA"]
[PlyCount "138"]
[EventDate "2019.07.02"]
[EventCountry "CZE"]
[SourceTitle "playchess.com"]
[Source "ChessBase"]
[SourceQuality "1"]
[TimeControl "5400+30"]

1. e4 {[%emt 0:00:00]} e5 {[%emt 0:00:00]} 2. Nf3 {[%emt 0:00:00]} Nc6 {[%emt 0:00:00]} 3. Bc4 {[%emt 0:00:00]} Bc5 {[%emt 0:00:01]} 4. O-O {[%emt 0:00:00]} Nf6 {[%emt 0:00:14]} 5. d4 {[%emt 0:00:00]} Bxd4 {[%emt 0:09:21]} 6. Nxd4 {[%emt 0:00:05]} Nxd4 {[%emt 0:00:44]} 7. Bg5 {[%emt 0:00:27]} h6 {[%emt 0:18:52]} 8. Bh4 {[%emt 0:00:24]} g5 {[%emt 0:01:34]} 9. f4 {[%emt 0:00:11]} gxh4 {[%emt 0:16:29]} 10. fxe5 {[%emt 0:07:38]} d5 {[%emt 0:01:16]} 11. Qxd4 {[%emt 0:07:05]} dxc4 {[%emt 0:00:23]} 12. Qxd8+ {[%emt 0:01:21]} Kxd8 {[%emt 0:00:06]} 13. exf6 {[%emt 0:05:55]} h3 {[%emt 0:13:46]} 14. g3 {[%emt 0:01:52]} c6 {[%emt 0:00:37]} 15. Nc3 {[%emt 0:03:50]} Bg4 {[%emt 0:05:34]} 16. Rf4 {[%emt 0:02:45]} h5 {[%emt 0:00:46]} 17. e5 {[%emt 0:00:26]} Re8 {[%emt 0:01:11]} 18. Rxc4 {[%emt 0:06:57]} Rxe5 {[%emt 0:00:33]} 19. Re4 {[%emt 0:00:47]} Rxe4 {[%emt 0:04:07]} 20. Nxe4 {[%emt 0:00:01]} Kc7 {[%emt 0:04:19]} 21. Rf1 {[%emt 0:00:23]} Be6 {[%emt 0:08:32]} 22. Ng5 {[%emt 0:02:10]} Kd6 {[%emt 0:00:17]} 23. Re1 {[%emt 0:00:35]} Rg8 {[%emt 0:01:19]} 24. Nxe6 {[%emt 0:05:33]} fxe6 {[%emt 0:00:06]} 25. Rd1+ {[%emt 0:00:06]} Kc7 {[%emt 0:04:25]} 26. Rd4 {[%emt 0:03:33]} e5 {[%emt 0:05:24]} 27. Rh4 {[%emt 0:02:30]} Kd6 {[%emt 0:00:16]} 28. Rxh5 {[%emt 0:00:39]} Ke6 {[%emt 0:00:05]} 29. Rxh3 {[%emt 0:00:14]} Rd8 {[%emt 0:00:57]} 30. Rh7 {[%emt 0:00:21]} Kxf6 {[%emt 0:00:37]} 31. Rxb7 {[%emt 0:02:12]} Rd1+ {[%emt 0:00:06]} 32. Kf2 {[%emt 0:01:18]} Rd2+ {[%emt 0:00:05]} 33. Kf3 {[%emt 0:00:05]} Rxh2 {[%emt 0:00:33]} 34. Rxa7 {[%emt 0:11:47]} Rxc2 {[%emt 0:00:07]} 35. Rb7 {[%emt 0:00:03]} Rd2 {[%emt 0:01:59]} 36. a4 {[%emt 0:01:22]} Rd3+ {[%emt 0:00:04]} 37. Kf2 {[%emt 0:00:26]} Rd4 {[%emt 0:02:03]} 38. a5 {[%emt 0:09:28]} Ra4 {[%emt 0:00:05]} 39. Rb6 {[%emt 0:01:03]} Rxa5 {[%emt 0:00:08]} 40. Rxc6+ {[%emt 0:00:06]} Kf5 {[%emt 0:00:21]} 41. Rc2 {[%emt 0:00:41]} Rb5 {[%emt 0:01:51]} 42. Re2 {[%emt 0:03:38]} Rb3 {[%emt 0:00:30]} 43. Kg2 {[%emt 0:01:36]} Kg4 {[%emt 0:00:00]} 44. Kf2 {[%emt 0:00:00]} Rxg3 {[%emt 0:00:00]} 45. Rxe5 {[%emt 0:00:00]} Rb3 {[%emt 0:00:00]} 46. Re4+ {[%emt 0:00:00]} Kf5 {[%emt 0:00:00]} 47. Re2 {[%emt 0:00:00]} Kf4 {[%emt 0:00:00]} 48. Rc2 {[%emt 0:00:00]} Ke4 {[%emt 0:00:00]} 49. Ke2 {[%emt 0:00:00]} Kd4 {[%emt 0:00:00]} 50. Kd2 {[%emt 0:00:00]} Rb4 {[%emt 0:00:00]} 51. Kd1 {[%emt 0:00:00]} Rc4 {[%emt 0:00:00]} 52. Rh2 {[%emt 0:00:00]} Kc5 {[%emt 0:00:00]} 53. Rh8 {[%emt 0:00:00]} Kb5 {[%emt 0:00:00]} 54. Rb8+ {[%emt 0:00:00]} Ka6 {[%emt 0:00:00]} 55. Kd2 {[%emt 0:00:00]} Rc5 {[%emt 0:00:00]} 56. Kd3 {[%emt 0:00:00]} Rb5 {[%emt 0:00:00]} 57. Ra8+ {[%emt 0:00:00]} Kb7 {[%emt 0:00:00]} 58. Ra2 {[%emt 0:00:00]} Rh5 {[%emt 0:00:00]} 59. b3 {[%emt 0:00:00]} Rh3+ {[%emt 0:00:00]} 60. Kc4 {[%emt 0:00:00]} Rh4+ {[%emt 0:00:00]} 61. Kb5 {[%emt 0:00:00]} Rh5+ {[%emt 0:00:00]} 62. Ka4 {[%emt 0:00:00]} Rh4+ {[%emt 0:00:00]} 63. b4 {[%emt 0:00:00]} Rh5 {[%emt 0:00:00]} 64. Rg2 {[%emt 0:00:00]} Rf5 {[%emt 0:00:00]} 65. Rg6 {[%emt 0:00:00]} Rh5 {[%emt 0:00:00]} 66. Rg4 {[%emt 0:00:00]} Rf5 {[%emt 0:00:00]} 67. Rg7+ {[%emt 0:00:49]} Kb6 {[%emt 0:00:00]} 68. Rg6+ {[%emt 0:00:03]} Kb7 {[%emt 0:00:00]} 69. b5 {[%emt 0:00:08]} Rf1 {[%emt 0:00:00]} 1/2-1/2

[Event "Ceske Budejovice Open-A 2019"]
[Site "Ceske Budejovice"]
[Date "2019.07.04"]
[Round "6.9"]
[White "Glimbrant, Torbjorn"]
[Black "Vltavsky, Vladimir"]
[Result "1/2-1/2"]
[WhiteElo "2195"]
[BlackElo "2179"]
[Annotator "NA"]
[PlyCount "152"]
[EventDate "2019.07.02"]
[EventCountry "CZE"]
[SourceTitle "playchess.com"]
[Source "ChessBase"]
[SourceQuality "1"]
[TimeControl "5400+30"]

1. d4 {[%emt 0:00:41]} Nf6 {[%emt 0:01:24]} 2. c4 {[%emt 0:00:13]} e6 {[%emt 0:00:08]} 3. Nf3 {[%emt 0:00:11]} b6 {[%emt 0:00:09]} 4. g3 {[%emt 0:00:13]} Bb7 {[%emt 0:00:11]} 5. Bg2 {[%emt 0:00:12]} Be7 {[%emt 0:01:30]} 6. O-O {[%emt 0:00:16]} O-O {[%emt 0:00:04]} 7. Nc3 {[%emt 0:00:20]} Ne4 {[%emt 0:00:07]} 8. Qc2 {[%emt 0:00:13]} Nxc3 {[%emt 0:00:09]} 9. Qxc3 {[%emt 0:00:07]} d6 {[%emt 0:00:13]} 10. b3 {[%emt 0:00:17]} Nd7 {[%emt 0:00:37]} 11. Bb2 {[%emt 0:00:26]} Bf6 {[%emt 0:00:25]} 12. Qc2 {[%emt 0:08:08]} g6 {[%emt 0:00:55]} 13. Rad1 {[%emt 0:02:28]} Qe7 {[%emt 0:01:37]} 14. Ne1 {[%emt 0:04:11]} Bxg2 {[%emt 0:00:49]} 15. Nxg2 {[%emt 0:00:08]} Bg7 {[%emt 0:10:14]} 16. e4 {[%emt 0:14:50]} e5 {[%emt 0:02:08]} 17. Ne3 {[%emt 0:06:55]} exd4 {[%emt 0:00:36]} 18. Nd5 {[%emt 0:01:31]} Qd8 {[%emt 0:00:03]} 19. Bxd4 {[%emt 0:00:15]} Bxd4 {[%emt 0:00:22]} 20. Rxd4 {[%emt 0:00:07]} a5 {[%emt 0:01:24]} 21. Kg2 {[%emt 0:15:07]} Nf6 {[%emt 0:04:54]} 22. Re1 {[%emt 0:05:20]} Nxd5 {[%emt 0:04:42]} 23. cxd5 {[%emt 0:05:15]} f6 {[%emt 0:00:08]} 24. h4 {[%emt 0:07:47]} Rf7 {[%emt 0:04:17]} 25. Rc4 {[%emt 0:07:50]} Qd7 {[%emt 0:04:02]} 26. Rc1 {[%emt 0:03:39]} Ra7 {[%emt 0:00:19]} 27. Qc3 {[%emt 0:04:28]} Kf8 {[%emt 0:03:13]} 28. Qd4 {[%emt 0:01:06]} Qg4 {[%emt 0:08:52]} 29. R1c3 {[%emt 0:02:06]} Kg7 {[%emt 0:02:13]} 30. Rf3 {[%emt 0:03:34]} Qd7 {[%emt 0:00:36]} 31. Rfc3 {[%emt 0:01:04]} Qg4 {[%emt 0:00:19]} 32. a4 {[%emt 0:02:12]} h5 {[%emt 0:02:42]} 33. Qd2 {[%emt 0:00:42]} Qd7 {[%emt 0:00:13]} 34. Qc1 {[%emt 0:01:00]} Qd8 {[%emt 0:01:34]} 35. Rf3 {[%emt 0:01:56]} Qd7 {[%emt 0:00:28]} 36. Rfc3 {[%emt 0:00:19]} Qe7 {[%emt 0:00:43]} 37. Qc2 {[%emt 0:01:22]} Qd7 {[%emt 0:00:14]} 38. Kh2 {[%emt 0:00:50]} Kh6 {[%emt 0:01:31]} 39. Qc1+ {[%emt 0:01:15]} Kh7 {[%emt 0:00:58]} 40. Qc2 {[%emt 0:00:17]} Kh6 {[%emt 0:00:09]} 41. Qd1 {[%emt 0:00:00]} b5 {[%emt 0:00:00]} 42. axb5 {[%emt 0:00:00]} Qxb5 {[%emt 0:00:00]} 43. Qd4 {[%emt 0:00:00]} Rb7 {[%emt 0:00:00]} 44. Kg2 {[%emt 0:00:00]} Qd7 {[%emt 0:00:00]} 45. Rf3 {[%emt 0:00:00]} Kg7 {[%emt 0:00:00]} 46. Qc3 {[%emt 0:00:00]} Qb5 {[%emt 0:00:00]} 47. Ra4 {[%emt 0:00:00]} Ra7 {[%emt 0:00:00]} 48. Rd3 {[%emt 0:00:00]} Ra6 {[%emt 0:00:00]} 49. Rdd4 {[%emt 0:00:00]} Qb7 {[%emt 0:00:00]} 50. Rdc4 {[%emt 0:00:00]} Rb6 {[%emt 0:00:00]} 51. Qxa5 {[%emt 0:00:00]} Rxb3 {[%emt 0:00:00]} 52. Rab4 {[%emt 0:00:00]} Rxb4 {[%emt 0:00:00]} 53. Qxb4 {[%emt 0:00:00]} Qa8 {[%emt 0:00:00]} 54. Qc3 {[%emt 0:00:00]} Qe8 {[%emt 0:00:00]} 55. Qc2 {[%emt 0:00:00]} Qd7 {[%emt 0:00:00]} 56. Qb1 {[%emt 0:00:00]} Qe8 {[%emt 0:00:00]} 57. Qc1 {[%emt 0:00:00]} Qe7 {[%emt 0:00:00]} 58. Qc3 {[%emt 0:00:03]} Qe5 {[%emt 0:00:00]} 59. Qxe5 {[%emt 0:00:56]} fxe5 {[%emt 0:00:00]} 60. Ra4 {[%emt 0:00:35]} Kf6 {[%emt 0:00:00]} 61. Ra8 {[%emt 0:00:15]} Rg7 {[%emt 0:02:19]} 62. Rc8 {[%emt 0:02:01]} g5 {[%emt 0:00:23]} 63. hxg5+ {[%emt 0:00:27]} Kxg5 {[%emt 0:00:04]} 64. Rf8 {[%emt 0:04:51]} h4 {[%emt 0:01:51]} 65. Kf3 {[%emt 0:00:36]} hxg3 {[%emt 0:00:17]} 66. fxg3 {[%emt 0:00:16]} c5 {[%emt 0:00:29]} 67. dxc6 {[%emt 0:00:57]} Rc7 {[%emt 0:00:27]} 68. Rg8+ {[%emt 0:00:22]} Kf6 {[%emt 0:00:15]} 69. Rf8+ {[%emt 0:00:57]} Kg7 {[%emt 0:03:44]} 70. Rd8 {[%emt 0:00:15]} Rxc6 {[%emt 0:00:05]} 71. Kg4 {[%emt 0:00:16]} Kf6 {[%emt 0:00:52]} 72. Rf8+ {[%emt 0:01:18]} Ke6 {[%emt 0:00:53]} 73. Rh8 {[%emt 0:00:33]} Rc3 {[%emt 0:01:10]} 74. Rh6+ {[%emt 0:00:28]} Ke7 {[%emt 0:00:19]} 75. Rh7+ {[%emt 0:00:09]} Ke6 {[%emt 0:00:16]} 76. Rh6+ {[%emt 0:00:06]} Ke7 {[%emt 0:01:27]} 1/2-1/2